00438nam a2200145 4500008004100000020001500041050002500056100002200081245007800103260004000181300002500221650001000246650002600256650001000282230629b |||||||| |||| 00| 0 eng d a9966967206 aDT 433.577 .L55 1998 aLikimani, Muthoni aPassbook number F.47927 : bwomen and Mau Mau in Kenya/cMuthoni Likimani aNairobi:bNoni's Publicity,cc1998. a193 pages. :c23 cm. aKenya aWomen revolutionaries aWomen